| 000 | 00892nam a22002657a 4500 | ||
|---|---|---|---|
| 005 | 20110810105649.0 | ||
| 008 | 110810t xxu||||| |||| 00| 0 eng d | ||
| 010 | _aENG-103272 | ||
| 020 |
_c295.00 _a9788129109675 |
||
| 020 |
_c295.00 _a8129109670 |
||
| 035 | _aEN-86805 | ||
| 037 | _bDBAD/Author | ||
| 040 |
_aDPL _bEng |
||
| 082 | _a930.103 | ||
| 100 |
_931629 _aHarpreet Kaur |
||
| 245 |
_aArchaeology : _cby Harpreet Kaur _btechinques and methods / |
||
| 260 |
_aNew Delhi _bRupa _c2006 |
||
| 270 |
_a7/16, Ansari Road, Daryaganj _bNew Delhi _e110002 |
||
| 300 |
_a186p. _c22cm (Hb) |
||
| 500 | _aIncludes bibliographical references | ||
| 650 | _931639 | ||
| 700 | _931640 | ||
| 942 |
_2ddc _cEN _mHAR _h930.103 |
||
| 999 |
_c55136 _d55136 |
||